Logo BPK

Biblioteka

Politechniki Koszalińskiej

Straty ponoszone przez gospodarkę komunalną w wyniku zanieczyszczenia wód powierzchniowych / (Rekord nr 25561)

Szczegóły MARC
000 -ETYKIETA REKORDU
podpole kontrolne o stałej długości 01600nam a2200421 i 4500
001 - NUMER KONTROLNY REKORDU
pole kontrolne 25561
003 - IDENTYFIKATOR NUMERU KONTROLNEGO REKORDU
podpole kontrolne KOSZ 005
005 - DATA OSTATNIEJ MODYFIKACJI REKORDU
podpole kontrolne 20200410152705.0
008 - POLE O STAŁEJ DŁUGOŚCI - DANE KONTROLNE
podpole kontrolne o stałej długości 001010s1971 pl f |000 0 pol d
040 ## - ŹRÓDŁO KATALOGOWANIA
Instytucja, która utworzyła rekord KOSZ 005
Instytucja, która sporządziła opis KOSZ 005
Instytucja, która dokonała modyfikacji KOSZ 005/HR
041 ## - KOD JĘZYKA
Kod języka tekstu pol
046 ## - DATY KODOWANE
Pojedyncza data lub początek okresu powstania dzieła lub zbioru dzieł 1971
080 ## - UNIWERSALNA KLASYFIKACJA DZIESIĘTNA - UKD
UKD 628.39
080 ## - UNIWERSALNA KLASYFIKACJA DZIESIĘTNA - UKD
UKD 502.51:504.5
080 ## - UNIWERSALNA KLASYFIKACJA DZIESIĘTNA - UKD
UKD 351(1-21)
100 1# - NAZWA OSOBOWA
Nazwa osobowa Glinicki, Zdzisław.
Określenie rodzaju współpracy Autor
245 #0 - TYTUŁ/ODPOWIEDZIALNOŚĆ
Tytuł Straty ponoszone przez gospodarkę komunalną w wyniku zanieczyszczenia wód powierzchniowych /
Pozostałe elementy strefy tytułu i oznaczenia odpowiedzialności Zdzisław Glinicki, Maria Niewiadomska, Wojciech Wyderko.
260 ## - STREFA ADRESU WYDAWNICZEGO
Miejsce wydania Warszawa :
Nazwa wydawcy/dystrybutora Instytut Gospodarki Wodnej,
Data publikacji, dystrybucji/powstania dokumentu 1971.
300 ## - STREFA OPISU FIZYCZNEGO
Objętość 10, [4] stron :
Inne cechy fizyczne il. ;
Rozmiary 24 cm.
336 ## - TYP ZAWARTOŚCI
Źródło (terminu i kodu) rdacontent
Termin opisujący typ zawartości Tekst
Kod określający zawartość txt
337 ## - TYP MEDIÓW
Źródło (terminu i kodu) rdamedia
Tryb odtwarzania Bez urządzenia pośredniczącego
Kod typu mediów n
338 ## - TYP/RODZAJ NOŚNIKA
Źródło (terminu i kodu) rdacarrier
Hasło opisujące typ nośnika Wolumin
Kod typu nośnika nc
380 ## - FORMA I TYP PUBLIKACJI
Forma i typ publikacji Książki
380 ## - FORMA I TYP PUBLIKACJI
Forma i typ publikacji Publikacje naukowe
388 ## - CZAS POWSTANIA
Czas powstania 1901-2000
388 ## - CZAS POWSTANIA
Czas powstania 1945-1989
490 1# - STREFA SERII I DOKUMENTU WIELOCZĘŚCIOWEGO - FORMA NIE DO WYSZUKIWANIA
Tytuł i oznaczenie odpowiedzialności serii Materiały Badawcze / Instytut Gospodarki Wodnej. Gospodarowanie Zasobami Wodnymi ;
Numeracja w obrębie serii Nr 3
504 ## - UWAGA DOTYCZĄCA BIBLIOGRAFII
Informacje o bibliografii Bibliografia.
546 ## - UWAGA O JĘZYKU
Uwaga o języku Streszcz. w jęz. ang. i ros.
658 ## - TERMIN INDEKSOWY - PRZEDMIOT PROGRAMU NAUCZANIA
Główny przedmiot programu nauczania Ochrona środowiska
658 ## - TERMIN INDEKSOWY - PRZEDMIOT PROGRAMU NAUCZANIA
Główny przedmiot programu nauczania Gospodarka, ekonomia, finanse
700 1# - HASŁO DODATKOWE - NAZWA OSOBOWA
Nazwa osobowa Wyderko, Wojciech.
Określenie związku między hasłem a opisywanym materiałem Autor
700 1# - HASŁO DODATKOWE - NAZWA OSOBOWA
Nazwa osobowa Niewiadomska, Maria
Określenie związku między hasłem a opisywanym materiałem Autor
830 #0 - HASŁO DODATKOWE SERII LUB DOKUMENTU WIELOCZĘŚCIOWEGO - TYTUŁ UJEDNOLICONY
Tytuł ujednolicony Materiały Badawcze - Instytut Gospodarki Wodnej ;
Oznaczenie tomu nr 3
830 #0 - HASŁO DODATKOWE SERII LUB DOKUMENTU WIELOCZĘŚCIOWEGO - TYTUŁ UJEDNOLICONY
Tytuł ujednolicony Gospodarowanie Zasobami Wodnymi - Instytut Gospodarki Wodnej ;
Oznaczenie tomu nr 1
856 ## - LOKALIZACJA I DOSTĘP DO ELEKTRONICZNYCH DOKUMENTÓW ZDALNYCH
Link (URL) http://koha.tu.koszalin.pl/cgi-bin/koha/opac-detail.pl?biblionumber=25561
Tekst linku Katalog online BPK
942 ## - DODATKOWE ELEMENTY (KOHA)
Typ dokumentu Książka
Schemat klasyfikacji Uniwersalna Klasyfikacja Dziesiętna
Egzemplarze
Wycofany Status egzemplarza Uszkodzony Dostępność Lokalizacja stała Lokalizacja bieżąca Miejsce przechowywania Sygnatura Kod kreskowy Typ dokumentu
      Dostępny Biblioteka Politechniki Koszalińskiej Biblioteka Politechniki Koszalińskiej Wypożyczalnia BG 13003 01743807 Książka
© 2023 Biblioteka Politechniki Koszalińskiej :: KOHA